000 01055naa a22002897a 4500
001 BR7702951
003 BR-BrBNA
005 20240918173946.0
007 ta
008 230509b bl.||||| |||| 00| 0 por d
040 _aBR-BrBNA
_bpor
_cBiblioteca Nacional de Agricultura
041 _a(Pt)
072 _aL00; D50
090 _aL00 BR7702951
100 1 _aBenchimol, F.
111 1 _aEncontro Nacional sobre Conservacao da Fauna e Recursos Faunisticos
_cBrasilia, DF (Brazil)
_d29 Sep 1977
245 1 _aLiberdade para os passaros [Brasil]
260 3 _aBrasilia, DF (Brasil):
_c1977.
500 _aEncontro nacional sobre conservacao da fauna e recursos faunisticos Brasilia, DF (Brasil): 1977. p. 195-198 (BR7702951-AM)L00
650 _aProducao animal
650 _aLegislacao
650 _aAve ornamental
650 _aCativeiro
773 0 _tEncontro nacional sobre conservacao da fauna e recursos faunisticos
_wL00 BR7702951
_gBrasilia, DF (Brasil), 1977. p. 195-198
909 _a202404
_bLucia
_c55
_dLucia Elande
942 _cAM
_2AGRIS
999 _c307967
_d307967